Music Quiz

Random Music or Clickable Quiz

'Let It Go' Clicky-oke Quiz Stats

 Plays Quiz Updated May 4, 2015

Challenge
Share
Tweet
Embed
Score 0/23 Timer 05:00
7 Plays Today
% Correct
And it looks like I'm the Queen
95.4%
Don't let them see
94.5%
Conceal, don't feel
91%
Not a footprint to be seen
90.7%
Couldn't keep it in; heaven knows I've tried
89%
Makes everything seem small
88.7%
Well now they know
88.7%
Can't get to me at all
88.4%
To test the limits and break through
85.3%
The cold never bothered me anyway
84.2%
I'm free!
84%
What they're going to say
83.9%
% Correct
The cold never bothered me anyway
83.6%
Can't hold it back anymore
81.2%
My soul is spiraling in frozen fractals all around
79.4%
I'm never going back, the past is in the past
78.4%
In the light of day
75.6%
Let the storm rage on
70%
Turn away and slam the door
66.2%
I am one with the wind and sky
62.3%
That perfect girl is gone
59.7%
And I'll rise like the break of dawn
57.6%
You'll never see me cry
55.5%

You're not logged in!

Compare scores with friends on all Sporcle quizzes.
Join for Free
OR
Log In

You Might Also Like...

Show Comments

Extras

Top Quizzes Today


Score Distribution

Your Account Isn't Verified!

In order to create a playlist on Sporcle, you need to verify the email address you used during registration. Go to your Sporcle Settings to finish the process.

Report this User

Report this user for behavior that violates our Community Guidelines.

Details: